00301nam a2200109Ia 4500008004100000041001200041082001600053100001500069245005700084260002900141650002100170221030s9999 xx 000 0 und d aEnglish a105.23bSpe aNoel Jerke 4aThe Complete Reference Visual Basic 6cby Noel Jerke bCBS PubaNew Delhic1994 aCSE Departmental